MDQL
is popping MORE tags! Check the
thread
!
Quizzes
Events
Quiz Creation
Community
Videos
Private Events
Remove Ads
Sign In
Join for FREE
Feedback
Dark Mode
Quiz Categories
Sports
Geography
Music
Movies
Television
Just For Fun
Miscellaneous
History
Literature
Language
Science
Gaming
Entertainment
Religion
Holiday
For Kids
Quiz Lab
Recent
Popular Today
Quiz Kudos Today
Editor Picks
Curator Picks
Quizzes by...
Day
Popularity
Type
Ratings
Length
Year
Community
Subscriptions
Recent Discussions
Orange Saloon
Badges
Playlists
Quests
Create
Leaderboards
Showdown
Live 5
Trivia Bingo
Activity
Puzzle Library
Sporcle Events
Private Events
Virtual Trivia
Globe League
Become a Host
Pub Owners
SporcleCon
Opinionation
Our Games
Videos
Blog
Mobile Apps
Partnerships
Remove Ads and Go Orange
Feedback
Science
Computer
Plants
Astronomy
Chemistry
Elements
Math
Animal
Physics
Anatomy
Biology
Geology
General Science
Science
Computer
Plants
Astronomy
Chemistry
Elements
Math
Animal
Physics
Anatomy
Biology
Geology
General Science
Random Quiz
Search Sporcle
×
Quiz Lab
Quiz Lab
Science
Biology
Type in answers that appear in a list
Type in answers that appear in a list
Classic
Best Score? Go Orange.
Fields Of Studies (A-Z) Stats
Can you name the fields of studies?
By
DuckOfOlympus
9m
22 Questions
60 Plays
60 Plays
60 Plays
Comments
Comments
Give Quiz Kudos
Give Quiz Kudos
-
- Ratings
hide this ad
More Info
Replay
Link that replays current quiz
Next Quiz
Link to next quiz in quiz playlist
You Got
0%
They Got
Avg Score
67%
Avg Friend Score
Upgrade to see
Score Distribution
Jump to the score distribution portion of the page
Score
0/22
Timer
09:00
0
Plays Today
Starting Letter
Answer
% Correct
B
Biology
100%
Z
Zoology
96.7%
R
Roentgenology
93.3%
C
Cardiology
91.7%
G
Geology
91.7%
M
Meteorology
88.3%
D
Dermatology
86.7%
P
Psychology
86.7%
S
Seismology
86.7%
E
Ecology
73.3%
A
Archaeology
71.7%
Starting Letter
Answer
% Correct
U
Urbanology
70%
T
Technology
65%
F
Futurology
55%
X
Xenology
50%
I
Ichthyology
48.3%
N
Nanotechnology
46.7%
V
Vexillology
40%
H
Herpetology
36.7%
K
Kremlinology
35%
L
Laryngology
31.7%
O
Ophthalmology
31.7%
Quiz Playlist
Details
Report
Send in Message
Add To Playlist
More Info:
They all end with -logy
Classic:
Type in answers that appear in a list
Last Updated: May 27, 2017
Quiz Scoreboard
CHALLENGE
Sign Up to Join the Scoreboard
Show All
Scores
Hide
Comments
May contain spoilers
Recently Published
Image Sorting: Flags VI
by Barbecue
Geography
2m
Find the 'City' Movie
by crazypaving
Movies
60s
Colored Red Africa Blitz
by spor1
Geography
45s
More to Explore
Quiz From the Vault
Featured Blog Post
14 Easter Pick-up Lines to Find Eggs With
hide this ad
You Might Also Like...
Tags
Biology Quiz
Physical Science
Popular Science
studies
Study
Today's Top Quizzes in Science
Browse Science
hide this ad
Today's Top Quizzes in Biology
Browse Biology
Top Contributed Quizzes in Science
1
Windmill: Elements
2
200 Vogels in Nederland
3
Square Numbers Scrambled (1-50)
4
Count to 60
5
Elements In Images
6
Glycolysis
7
17 TIMES TABLE
8
4-letter Elementary Words III
9
perfect squares 1-25
10
Quick Pick: 'CI-CJ' Animals
Explore More
Trending Topics
Anime
NBA
Kpop
Harry Potter
Disney
Marvel
Crossword
Song
Soccer
WWE
The Office
NFL
Country
Pokémon
Puzzle
hide this ad
More By:
DuckOfOlympus
Quiz
Plays
Rating
Category
Featured
Created
Hard Percy Jackson Chain
1,703
Literature
Dec 22, 2014
European Historical Countries Slideshow
861
4.14
History
Mar 14, 2017
Ace Attorney: Odd Descriptions
820
5.00
Gaming
Jun 23, 2018
Can You Identify The Indonesian Islands?
443
4.00
Geography
Dec 23, 2016
Towns Of Singapore On A Map
355
4.00
Geography
Jan 27, 2017
Go to Creator's Profile
Score Distribution
Quiz Creator Spotlight
DuckOfOlympus
Follow
Send a Message
Quizzes Created
-
Created Quiz Play Count
-
More By This Creator
Popular Quizzes Today
1
Colored Red Africa Blitz
2
Find the US States - No Outlines Minefield
3
Find the 'City' Movie
4
5x2 Blitz: Bands
5
The Countries of the World
6
Find the US States
7
Find the Countries of Europe - No Outlines Minefield
8
US States
More Science Quizzes
Complementary DNA Sequences
Published
Trending Quizzes
Colored Red Europe Blitz I
Colored Red Europe Blitz II
Colored Red Africa Blitz II
Colored Red Europe Blitz III
Colored Red Africa Blitz III
Recently Updated
How Do You Spell That?
pecheneg
Godzilla Movies
pecheneg
Grab Bag: 4-10 Letters
pecheneg
2024 March Madness Bracket
pecheneg
Famous TV Couples
Peacemaker
Champions League XIs: Real Madrid
pecheneg
Largest US Cities 1790-2010
pecheneg
Rides in Walt Disney World
pecheneg
Most Oscar Losses (Acting)
pecheneg
Beyoncé Albums
pecheneg
Trending Topics
Anime
Crossword
Harry Potter
Disney
Kpop
NBA
Marvel
Song
Soccer
The Office
NFL
Puzzle
Country
WWE
Pokémon
Your Account Isn't Verified!
In order to create a playlist on Sporcle, you need to verify the email address you used during registration. Go to your
Sporcle Settings
to finish the process.
Report this User
Report this user for behavior that violates our
Community Guidelines
.
Details:
Send Report
Go to the Sporcle.com Mobile Site →
Comments